01533nam a2200337 i 450000500170000000700030001700800410002002000180006104000350007904100080011408400110012210000350013324501320016825000220030026400430032230000580036533600270042333700330045033800280048349000250051152003470053652100540088353400150093765000420095265000540099465000310104870000400107970000460111994200150116599900150118020220317001717.0ta200420s2007 ck a gr 000 f spa d a9789583024412 aCO-BoRNBPbspaerdacCO-BoRNBP1 hgem aN KAF11 aKafka, Franzd1883-1924eautor13aEl procesocFranz Kafka ; traducción Sergio Lleras Restrepo ; prólogo Selnich Vivas Hurtado ; ilustraciones Marcela Medina aSegunda edición 1aBogotá, ColombiabPanamericanac2007 a317 páginasbilustraciones en blanco y negroc21 cm atextobtxt2rdacontent asin mediaciónbn2rdamedia avolumenbnc2rdacarrier0 aLiteratura universal aLa novela, como en general toda la obra de Kafka, está cargada de un alto contenido autobiográfico. No en el sentido de que sus libros se puedan explicar a partir de eventos reales o de sus crisis personales, sino en el sentido de que su interioridad y sus experiencias le prodigaron cientos de sensaciones que inyectó a sus personajes. aRecomendado para una audiencia mayor a 17 años  tDer prozeb17aNovela checoslovacaySiglo XX2ARMARC17aLiteratura checoslovacaySiglo XXvNovela2ARMARC17aBurocraciavNovela2ARMARC1 aMedina, Marcelaeilustradora9750841 aLleras Restrepo, Sergioetraductor975085 2loccBKLIT c7828d7828